Training guide Java 2 certification : covers exams 310-025, 310-027, 310-050 (Record no. 196564)

MARC details
000 -LEADER
fixed length control field 00519nam a2200169Ia 4500
008 - FIXED-LENGTH DATA ELEMENTS--GENERAL INFORMATION
fixed length control field 231217s9999 xx 000 0 und d
020 ## - INTERNATIONAL STANDARD BOOK NUMBER
International Standard Book Number 817635323x
041 ## - LANGUAGE CODE
Language code of text/sound track or separate title English
082 ## - DEWEY DECIMAL CLASSIFICATION NUMBER
Classification number 001.6424JAV JAW;1 R
100 ## - MAIN ENTRY--PERSONAL NAME
Personal name Jaworski, Jamie.
245 #0 - TITLE STATEMENT
Title Training guide Java 2 certification : covers exams 310-025, 310-027, 310-050
250 ## - EDITION STATEMENT
Edition statement 1st ed.
260 ## - PUBLICATION, DISTRIBUTION, ETC.
Date of publication, distribution, etc. 1999
Name of publisher, distributor, etc. Techmedia
Place of publication, distribution, etc. New Delhi
300 ## - PHYSICAL DESCRIPTION
Extent xix, 612
650 ## - SUBJECT ADDED ENTRY--TOPICAL TERM
Topical term or geographic name entry element Training,Java,certification,covers,exams,310-025,,310-027,,310-050
942 ## - ADDED ENTRY ELEMENTS (KOHA)
Koha item type Books
Holdings
Date last seen Total checkouts Full call number Accession number Price effective from Category Public note Lost status Damaged status Department Withdrawn status Home library Current library Shelving location Entry date Grants Currency symbol Conversion rate Discount Old discount
26/01/2024   001.6424JAV JAW;1 R 88997 26/01/2024 Books Donated by Prashanth N. JNN College     Central Library   Central Library Central Library Central Library 03/07/2014 DONATED RS 1    

© For any Suggestions or Query, please contact the library staff @ librarian@pes.edu or Phone: +9180 2672 1983/ 2108.